[Event "Sao Paulo Freitas Memorial"]
[Site "Sao Paulo"]
[Date "2015.10.10"]
[Round "2"]
[White "Mendes, Rodrigo Machado"]
[Black "De Sousa Tsuboi, Fabiana"]
[Result "1-0"]
[WhiteElo "1918"]
[BlackElo "1555"]
[PlyCount "79"]
[EventDate "2015.10.10"]
[EventType "swiss"]
[EventRounds "6"]
[EventCountry "BRA"]
[SourceTitle "CBM 168 Extra"]
[Source "ChessBase"]
[SourceDate "2015.10.29"]
[SourceVersion "1"]
[SourceVersionDate "2015.10.29"]
[SourceQuality "1"]

1. d4 d5 2. g3 Nf6 3. Bg2 e6 4. Nf3 b6 5. 0-0 Bb7 6. b3 Be7 7. Bb2 0-0 8. Nbd2 c5 9. c3 Nc6 10. a3 Rc8 11. b4 c4 12. b5 Na5 13. a4 Bd6 14. Ba3 Bxa3 15. Rxa3 Qd6 16. Ra1 Nd7 17. Qb1 e5 18. e3 e4 19. Ne1 f5 20. Nc2 Rf6 21. Qb4 Qe6 22. f3 Rcf8 23. Rf2 Rh6 24. Raf1 Nf6 25. fxe4 fxe4 26. Rf5 Bc8 27. Re5 Qf7 28. Re7 Qh5 29. h4 Qe2 30. Rf2 Qd1+ 31. Nf1 Rg6 32. Qd6 Qg4 33. Nb4 Bb7 34. Rc7 h6 35. Qe7 Nh7 36. Rxf8+ Nxf8 37. Qf7+ Kh7 38. Qxf8 Qe6 39. Re7 Qd6 40. Rxg7+ 1-0